00646nam a2200217Ia 4500003000400000005001700004008004100021020001900062040000700081041000800088082001600096100003100112245002700143260003800170300000900208650002300217700002500240942001300265999001900278952013100297OSt20250916103347.0250729s2005 xx 000 0 und d a978-8176489331 cAL aeng a370.15 SINT aSingh Yogish Kumar9222548 aTeaching of psychology aNew DelhibA P H Publishingc2005 a276p aPsychology9222549 aNath Ruchika9222550 2ddccBED c235515d235515 00104070aALbALd2025-07-29eSita Book Houseg150.00l0o370.15 SINTpBED00834r2025-07-29 16:54:03v150.00w2025-07-29yBK